| 000 | 00678nab a2200217 4500 | ||
|---|---|---|---|
| 003 | BR-BrBNA | ||
| 005 | 20250506135208.0 | ||
| 008 | 250506b bl.||||| |||| 00| 0 por d | ||
| 040 |
_aBR-BrBNA _bpor |
||
| 072 | _aE20 ; F01 ; P40 | ||
| 100 | _aAndrade, Lívia | ||
| 245 |
_aCampo seguro _bAgrofinanças |
||
| 500 | _a2 illus. | ||
| 650 | _aSEGURO RURAL | ||
| 650 | _aFRUTICULTURA | ||
| 650 | _aCHUVA | ||
| 650 | _aGRANIZO | ||
| 773 | 0 |
_01706 _9347864 _dSão Paulo-SP Editora Três Ltda - E-mail: luizfsa@revistadinheiro.com.br 2004 _o2025-0365 _tDinheiro Rural (Brazil) _x1807-3700 _gv. 4(34) p. 78; (Aug 2007) _wBR2025001037 |
|
| 942 | _cANA | ||
| 999 |
_c331344 _d331344 |
||